LDR 00818naa#a2200193#i#450# 001 EN\\bibl\20170 005 20260701133946.3 100 ## _a20260630b2026####ek#y0engy0150####ca 102 ## _aRU 200 1# _aCONCEPT OF A FOREST PLOT DIGITAL TWIN: FROM IoT DATA COLLECTION TO COGNITIVE MODELS FOR RESOURCE MANAGEMENT _eConference article/thesis 210 1# _aVoronezh _cFSBE Institution of Higher Education Voronezh State University of Forestry and Technologies named after G.F. Morozov _d2026 215 ## _a8 с. 608 ## _aConference article/thesis _2local 675 ## _aПрикладные информационные (компьютерные) технологии. 004.9 _z 700 #1 _aGolova _gE. A. 700 #1 _aAntsiferova _gV. Ivanovna 700 #1 _aMazurov _gA. A. 700 #1 _aYagodkin _gA. Sergeevich 856 4# _abibl.vgltu.ru _u